Statistiken für Erkenne den YouTuber am Videotitel! (Meiste Views)

Klicken Sie hier um das Quiz zu spielen!

Allgemein

  • Dieses Quiz wurde 206 mal gespielt
  • Das Durchschnittsergebnis liegt bei 5 aus 15

Antwortstatistiken

Video TitelAufrufeYouTuber% Korrekt
________ - Mach die Robbe feat. die Robbe (Offizielles Musikvideo)46 Mio.Julien Bam
84%
________ - How it is ( wap bap ... ) [Official Video]66 Mio.BibisBeautyPalace
77%
Let's Play Minecraft #001 [Deutsch] [HD] - Alles auf Anfang17 Mio.Gronkh
52%
Wenn SCHULFÄCHER Rapper wären | mit ________22 Mio.rezo
51%
BEST SOCCER FOOTBALL VINES - GOALS, SKILLS, FAILS #1245 Mio.freekickerz
38%
Tittenalarm!!! ________ und ________ zeigen Brüste | Venus 20155,7 Mio.Hey Aaron!!!
38%
DAS IST NICHT DEIN ERNST!? (Fidget Spinner Sammlung) | ______klickt6,8 Mio.ungespielt
36%
😱🏆Der beste Fortnite Spieler der Welt!! | Fortnite Solo WM!5,9 Mio.Trymacs
31%
________ feat. ______ ► BIST DU REAL ◄ [ official Video 4K ] | _________71 Mio.Dagi Bee
29%
ICH BIN EIN MÖRDER!9,8 Mio.Paluten
26%
11000 EURO in 4 STUNDEN 💸💸💸 | Sellout Stream2,1 Mio.Papaplatte
26%
DUELL DER SCHATTEN __________ VS. ________ | Yu-Gi-Oh!6,2 Mio.HandOfBlood
21%
____Style 5.07,9 Mio.Felix von der Laden
13%
_______ - Wer sind wir?6,9 Mio.PietSmiet
11%
Zukunft , Geld , Zusammenbruch & Rassismus Vorwürfe | ________ im Interview5,3 Mio.MontanaBlack
10%

Verteilung der Resultate

Perzentil nach korrekt beantworteten Fragen

Anzahl Personen mit jedem Resultat

Ihre Resultats-Entwicklung

Sie haben dieses Quiz noch nicht gespielt